Friends - Statistiques

Statistiques générales
  • Ce quiz a été pris 8 963 fois
  • Le résultat moyen est 13 sur 15
Statistiques - réponses
Hint Réponse % Correct
Elle est maniaque. Monica
100%
Il est paléontologue. Ross
100%
Elle est végétarienne. Phoebe
99%
Elle aime la mode. Rachel
99%
Son père est une femme. Chandler
98%
Il est acteur. Joey
98%
La ville dans laquelle se passe la série. New York
97%
Le café où ils se retrouvent. Central Perk
94%
Le fils de Ross. Ben
90%
Elle a un rire atypique. Janice
86%
Il est le singe de Ross. Marcel
81%
La soeur jumelle de Phoebe. Ursula
80%
Comment s'appelle le gérant du Café. Gunther
79%
Générique de la série. I'll be there for you
70%
Chanson de Phoebe. Tu pues le chat
66%
Aucun quiz correspondant
Distribution des résultats
% des personnes avec chaque résultat
Percentile par nombre de réponses
Votre historique - résultats
Vous n’avez pas pris ce quiz